| 000 | 01380cam a2200349 i 4500 | ||
|---|---|---|---|
| 999 |
_c233164 _d233164 |
||
| 001 | 18101711 | ||
| 003 | Nust | ||
| 005 | 20170303125830.0 | ||
| 008 | 140403s2014 flu b 001 0 eng | ||
| 010 | _a 2014013188 | ||
| 020 | _a978-0-470-90596-8 | ||
| 040 |
_aDLC _beng _erda _cASAB |
||
| 042 | _apcc | ||
| 050 | 0 | 0 |
_aQH367.5 _b.B39 2014 |
| 082 | 0 | 0 |
_a576.8/8 _223 |
| 245 | 0 | 0 |
_a phylogenetics : _btheory and practice of phylogenetic systematics _cE.O. wiley |
| 264 | 1 |
_aBoca Raton : _bCRC Press/Taylor & Francis, _c[2014] |
|
| 300 |
_axxx, 406 pages ; _c25 cm. |
||
| 336 |
_atext _2rdacontent |
||
| 337 |
_aunmediated _2rdamedia |
||
| 338 |
_avolume _2rdacarrier |
||
| 490 | 0 | _aChapman & Hall/CRC mathematical and computational biology series | |
| 504 | _aIncludes bibliographical references and index. | ||
| 650 | 0 | _aPhylogeny. | |
| 650 | 0 | _aBiometry. | |
| 650 | 0 | _aMolecular genetics. | |
| 650 | 0 | _aBayesian statistical decision theory. | |
| 700 | 1 |
_aChen, Ming-Hui, _d1961- |
|
| 700 | 1 |
_aKuo, Lynn, _d1949- |
|
| 700 | 1 |
_aLewis, Paul O., _d1961- |
|
| 906 |
_a7 _bcbc _corignew _d1 _eecip _f20 _gy-gencatlg |
||
| 942 |
_2ddc _cBK |
||